Introduction to electrical engineering
Salvato in:
| Autori principali: | , , |
|---|---|
| Natura: | Libro |
| Lingua: | inglese |
| Pubblicazione: |
Nueva York
McGraw-Hill
1992
|
| Serie: | McGraw-Hill Series in Electrical and Computer Engineering
|
| Soggetti: | |
| Tags: |
Aggiungi Tag
Nessun Tag, puoi essere il primo ad aggiungerne!!
|
MARC
| LEADER | 00000nam a2200000 a 4500 | ||
|---|---|---|---|
| 001 | UCN7879 | ||
| 003 | CL-VaPUC | ||
| 008 | 011026e19920000US |||||||||||||||||eng|d | ||
| 082 | 0 | 4 | |a 621.3 |b PAU |2 21 |
| 100 | |a Paul, Clayton R. |e author |9 464094 | ||
| 700 | |a Nasar, Syed Abu |e author |9 476076 | ||
| 700 | 0 | |a Unnewehr, L. E |e author |9 464096 | |
| 245 | 1 | 0 | |a Introduction to electrical engineering |
| 300 | |a 771 p | ||
| 942 | |c BK | ||
| 945 | |d 20011026 00:00:00 |a cmena | ||
| 260 | |a Nueva York |b McGraw-Hill |c 1992 | ||
| 650 | 0 | |a Electricidad |9 260222 | |
| 650 | 0 | |a Circuitos eléctricos |9 260262 | |
| 650 | 0 | |a Circuitos electrónicos |9 260204 | |
| 650 | 0 | |a Transformadores |9 345471 | |
| 650 | 0 | |a Sistemas digitales |9 435618 | |
| 583 | |a last modification |c 20011026 00:00:00 |k Rodrigo Vera | ||
| 490 | 0 | |a McGraw-Hill Series in Electrical and Computer Engineering | |
| 999 | |c 298070 |d 298068 | ||
| 952 | |0 0 |1 0 |4 0 |6 621_300000000000000_PAU_1992 |7 0 |8 A |9 353403 |a BIBING |b BIBING |d 2019-11-21 |i 3768309 |o 621.3 PAU 1992 |p 3768309 |r 2025-01-20 |w 2019-11-21 |y BK |k EIE | ||